Statistics for Guess the Pokemon Duos and Enemies Quiz

Click here to take the quiz!

General Stats

  • This quiz has been taken 11 times
  • The average score is 11 of 14

Answer Stats

HintAnswer% Correct
LatiasLatios
100%
MewMewtwo
100%
CresseliaDarkrai
90%
KyogreGroudon
90%
ZekromReshiram
90%
MinunPlusle
80%
SolgaleoLunala
70%
ManaphyPhione
70%
ZangooseSeviper
70%
LunatoneSolrock
70%
HeatmorDurant
60%
KoraidonMiraidon
60%
RegidragoRegieleki
60%
GlastrierSpectrier
50%

Score Distribution

Percentile by Number Answered

Percent of People with Each Score

Your Score History

You have not taken this quiz